Powstania w XX wieku - nagła śmierć - Statystyki

Ogólne statystyki
  • Ten quiz został rozwiązany 112 razy
  • Średni wynik to 8 z 15
Answers on the Grid
Answers color-coded by a green-red scale on the quiz's grid according to % correct below.
Pomarańczowa rewolucja
Powstania Śląskie
Powstanie berlińskie
Powstanie Chmielnickiego
Powstanie Krakowskie
Powstanie Listopadowe
Powstanie Spartakusa
Powstanie Styczniowe
Powstanie w Getcie Warszawskim
Powstanie Warszawskie
Powstanie wielkanocne
Powstanie Wielkopolskie
Powstanie wrześniowe
Rewolucja 1905
Rewolucja algierska
Rewolucja Francuska
Rewolucja goździków
Rewolucja Haitańska
Rewolucja indonezyjska
Rewolucja islamska w Iranie
Rewolucja kubańska
Rewolucja lipcowa
Rewolucja lutowa
Rewolucja październikowa
 
Statystyki odpowiedzi
Odpowiedź % Poprawnych
Powstania Śląskie
81%
Rewolucja 1905
80%
Powstanie Warszawskie
78%
Powstanie w Getcie Warszawskim
74%
Rewolucja październikowa
70%
Rewolucja islamska w Iranie
63%
Powstanie Wielkopolskie
57%
Rewolucja kubańska
56%
Rewolucja algierska
50%
Rewolucja lutowa
50%
Rewolucja goździków
44%
Powstanie berlińskie
43%
Rewolucja indonezyjska
37%
Powstanie wielkanocne
20%
Powstanie wrześniowe
15%
Nie znaleziono quizów pasujących do podanych kryteriów
Rozkład punktacji
Procent ludzi z każdym wynikiem
Percentyl według liczby udzielonych odpowiedzi
Twoja historia wyników
Nie rozwiązałeś tego quizu